[Event "World Chess Olympiad 2018"]
[Site "Batumi"]
[Date "2018.09.26"]
[Round "3"]
[Board "3"]
[WhiteFideId "20300034"]
[White "Ntagasigumwami Deo"]
[BlackFideId "7600437"]
[Black "Issa Rafat"]
[Result "0-1"]
[LiveChessVersion "1.4.8"]
[BlackElo "2388"]
[WhiteElo "1720"]

1. d4 {[%clk 1:30:40]} Nf6 {[%clk 1:30:39]} 2. Nf3 {[%clk 1:30:24]} g6
{[%clk 1:30:33]} 3. c4 {[%clk 1:30:06]} Bg7 {[%clk 1:30:52]} 4. Nc3
{[%clk 1:30:10]} O-O {[%clk 1:31:04]} 5. e4 {[%clk 1:29:37]} d6 {[%clk 1:31:23]}
6. h3 {[%clk 1:27:16]} Nbd7 {[%clk 1:31:06]} 7. Bg5 {[%clk 1:22:58]} c5
{[%clk 1:29:01]} 8. d5 {[%clk 1:21:06]} a6 {[%clk 1:23:09]} 9. Bd3
{[%clk 1:19:57]} b5 {[%clk 1:17:47]} 10. Qd2 {[%clk 1:15:16]} Rb8
{[%clk 1:14:20]} 11. cxb5 {[%clk 1:08:56]} axb5 {[%clk 1:11:55]} 12. Bxb5
{[%clk 1:04:36]} Rxb5 {[%clk 1:04:39]} 13. Nxb5 {[%clk 1:03:35]} Nxe4
{[%clk 0:59:11]} 14. Qe2 {[%clk 0:59:04]} Nxg5 {[%clk 0:59:12]} 15. Nxg5
{[%clk 0:58:49]} Qa5+ {[%clk 0:59:36]} 16. Kf1 {[%clk 0:56:52]} Ba6
{[%clk 0:59:49]} 17. a4 {[%clk 0:55:46]} Rb8 {[%clk 1:00:01]} 18. Ra3
{[%clk 0:46:46]} h6 {[%clk 0:48:47]} 19. Nf3 {[%clk 0:44:27]} Nb6
{[%clk 0:48:36]} 20. Qxe7 {[%clk 0:39:50]} Nxa4 {[%clk 0:43:53]} 21. b3
{[%clk 0:31:49]} Bf8 {[%clk 0:38:26]} 22. Qf6 {[%clk 0:26:40]} Qxb5+
{[%clk 0:38:34]} 23. Kg1 {[%clk 0:25:54]} Nb6 {[%clk 0:38:46]} 24. Qa1
{[%clk 0:21:03]} Bb7 {[%clk 0:38:59]} 25. Kh2 {[%clk 0:15:29]} Bxd5
{[%clk 0:38:31]} 26. Ra7 {[%clk 0:13:00]} Nc8 {[%clk 0:30:46]} 27. Rc7
{[%clk 0:12:16]} Bxf3 {[%clk 0:30:22]} 28. gxf3 {[%clk 0:11:29]} Qb6
{[%clk 0:29:29]} 29. Rd7 {[%clk 0:09:45]} Qxb3 {[%clk 0:20:54]} 30. Qf6
{[%clk 0:08:10]} Nb6 {[%clk 0:18:57]} 31. Ra7 {[%clk 0:07:27]} Bg7
{[%clk 0:16:27]} 32. Qxd6 {[%clk 0:05:54]} Nc8 {[%clk 0:16:48]} 33. Qd8+
{[%clk 0:05:56]} Kh7 {[%clk 0:17:13]} 34. Rd7 {[%clk 0:03:46]} Qxf3
{[%clk 0:15:43]} 0-1

[Event "World Chess Olympiad 2018"]
[Site "Batumi"]
[Date "2018.09.26"]
[Round "3"]
[Board "1"]
[WhiteFideId "11700599"]
[White "Farazi Khaiber"]
[BlackFideId "13100050"]
[Black "Rakotomaharo Fy Antenaina"]
[Result "0-1"]
[LiveChessVersion "1.4.8"]
[BlackElo "2422"]
[WhiteElo "2064"]

1. d4 {[%clk 1:30:44]} Nf6 {[%clk 1:30:52]} 2. Bf4 {[%clk 1:31:04]} g6
{[%clk 1:30:37]} 3. e3 {[%clk 1:30:57]} Bg7 {[%clk 1:31:01]} 4. h3
{[%clk 1:26:52]} O-O {[%clk 1:31:01]} 5. Nd2 {[%clk 1:25:42]} d5 {[%clk 1:29:42]}
6. Ngf3 {[%clk 1:25:33]} c5 {[%clk 1:29:48]} 7. c3 {[%clk 1:25:21]} b6
{[%clk 1:29:01]} 8. Be2 {[%clk 1:22:15]} Nc6 {[%clk 1:29:11]} 9. Ne5
{[%clk 1:18:59]} Bb7 {[%clk 1:25:42]} 10. O-O {[%clk 1:16:59]} Nd7
{[%clk 1:24:45]} 11. Nxd7 {[%clk 1:03:59]} Qxd7 {[%clk 1:25:00]} 12. dxc5
{[%clk 0:51:39]} e5 {[%clk 1:19:43]} 13. Bg5 {[%clk 0:43:53]} h6 {[%clk 1:10:38]}
14. Bh4 {[%clk 0:41:51]} bxc5 {[%clk 0:58:50]} 15. Ne4 {[%clk 0:19:15]} g5
{[%clk 0:59:10]} 16. Nxc5 {[%clk 0:13:09]} Qe7 {[%clk 0:59:33]} 17. Nxb7
{[%clk 0:12:05]} gxh4 {[%clk 0:59:38]} 18. Qxd5 {[%clk 0:07:56]} Qxb7
{[%clk 0:59:20]} 19. Qe4 {[%clk 0:04:58]} Nd8 {[%clk 0:50:40]} 20. Qxh4
{[%clk 0:03:30]} Qxb2 {[%clk 0:49:59]} 21. Bd3 {[%clk 0:03:57]} Ne6
{[%clk 0:49:40]} 22. Rab1 {[%clk 0:03:13]} Qxc3 {[%clk 0:48:59]} 23. Rb3
{[%clk 0:03:26]} Qc7 {[%clk 0:46:35]} 24. Bf5 {[%clk 0:03:06]} Rfe8
{[%clk 0:44:57]} 25. Qh5 {[%clk 0:02:31]} Qe7 {[%clk 0:43:32]} 26. h4
{[%clk 0:02:44]} Rab8 {[%clk 0:43:31]} 27. Rfb1 {[%clk 0:02:14]} Rxb3
{[%clk 0:43:28]} 28. Rxb3 {[%clk 0:02:34]} Nc5 {[%clk 0:35:46]} 29. Rb4
{[%clk 0:02:12]} e4 {[%clk 0:36:07]} 30. Rc4 {[%clk 0:02:30]} Kh8
{[%clk 0:34:14]} 31. g3 {[%clk 0:01:41]} Qe5 {[%clk 0:30:33]} 32. g4
{[%clk 0:01:45]} Qd5 {[%clk 0:16:05]} 33. Rd4 {[%clk 0:02:00]} Qxa2
{[%clk 0:16:30]} 34. Rd6 {[%clk 0:02:07]} Nd3 {[%clk 0:10:55]} 35. Rxh6+
{[%clk 0:02:13]} Kg8 {[%clk 0:11:21]} 36. Rc6 {[%clk 0:00:40]} Qxf2+
{[%clk 0:11:43]} 37. Kh1 {[%clk 0:00:54]} Qf1+ {[%clk 0:12:10]} 38. Kh2
{[%clk 0:01:19]} Be5# {[%clk 0:12:36]} 0-1

[Event "World Chess Olympiad 2018"]
[Site "Batumi"]
[Date "2018.09.26"]
[Round "3"]
[Board "2"]
[WhiteFideId "13100351"]
[White "Ralison Milanto Harifidy"]
[BlackFideId "11700777"]
[Black "Amini Habibullah"]
[Result "1-0"]
[LiveChessVersion "1.4.8"]
[BlackElo "1988"]
[WhiteElo "2281"]

1. e4 {[%clk 1:30:55]} e6 {[%clk 1:30:56]} 2. d4 {[%clk 1:31:18]} d5
{[%clk 1:31:16]} 3. Nd2 {[%clk 1:31:38]} c5 {[%clk 1:30:45]} 4. Ngf3
{[%clk 1:31:54]} cxd4 {[%clk 1:29:34]} 5. exd5 {[%clk 1:32:14]} Qxd5
{[%clk 1:29:55]} 6. Bc4 {[%clk 1:32:32]} Qd7 {[%clk 1:30:24]} 7. O-O
{[%clk 1:32:10]} Nc6 {[%clk 1:27:07]} 8. Nb3 {[%clk 1:32:20]} a6 {[%clk 1:27:01]}
9. a4 {[%clk 1:29:07]} Nf6 {[%clk 1:22:19]} 10. Qe2 {[%clk 1:27:12]} Qc7
{[%clk 1:15:56]} 11. Rd1 {[%clk 1:24:44]} Be7 {[%clk 1:11:47]} 12. Nbxd4
{[%clk 1:23:22]} Bd7 {[%clk 1:10:43]} 13. Bg5 {[%clk 1:17:38]} O-O
{[%clk 1:09:28]} 14. c3 {[%clk 1:16:30]} Rad8 {[%clk 1:02:37]} 15. Bd3
{[%clk 1:12:13]} h6 {[%clk 0:56:54]} 16. Bh4 {[%clk 1:11:15]} Rfe8
{[%clk 0:47:27]} 17. Bc2 {[%clk 1:07:51]} Nh7 {[%clk 0:39:05]} 18. Bg3
{[%clk 1:02:06]} Nxd4 {[%clk 0:33:51]} 19. Rxd4 {[%clk 1:01:03]} Qc5
{[%clk 0:33:04]} 20. Bxh7+ {[%clk 0:50:46]} Kxh7 {[%clk 0:33:32]} 21. Ne5
{[%clk 0:49:28]} Bc6 {[%clk 0:32:27]} 22. Rxd8 {[%clk 0:47:45]} Bxd8
{[%clk 0:32:27]} 23. Nxf7 {[%clk 0:46:57]} Qd5 {[%clk 0:31:24]} 24. f3
{[%clk 0:45:05]} Bf6 {[%clk 0:31:37]} 25. Ne5 {[%clk 0:34:44]} Bxe5
{[%clk 0:31:15]} 26. Bxe5 {[%clk 0:35:02]} Qc5+ {[%clk 0:31:09]} 27. Kh1
{[%clk 0:32:18]} Rf8 {[%clk 0:29:42]} 28. b4 {[%clk 0:29:51]} Qe7
{[%clk 0:27:14]} 29. b5 {[%clk 0:29:23]} axb5 {[%clk 0:27:00]} 30. axb5
{[%clk 0:29:46]} Be8 {[%clk 0:26:31]} 31. Rd1 {[%clk 0:28:04]} Qg5
{[%clk 0:26:41]} 32. c4 {[%clk 0:25:01]} Bg6 {[%clk 0:21:59]} 33. f4
{[%clk 0:20:27]} Qf5 {[%clk 0:21:48]} 34. h3 {[%clk 0:19:07]} Qf7
{[%clk 0:18:57]} 35. c5 {[%clk 0:16:58]} Rc8 {[%clk 0:19:08]} 36. Qc4
{[%clk 0:16:52]} Qe7 {[%clk 0:15:15]} 37. Rd6 {[%clk 0:15:18]} Bf7
{[%clk 0:14:05]} 38. c6 {[%clk 0:12:57]} bxc6 {[%clk 0:14:32]} 39. bxc6
{[%clk 0:12:08]} Be8 {[%clk 0:06:32]} 40. Rxe6 {[%clk 0:40:34]} Qf7
{[%clk 0:37:00]} 41. c7 {[%clk 0:39:42]} Qd7 {[%clk 0:33:50]} 42. Rd6
{[%clk 0:37:05]} Qf5 {[%clk 0:32:33]} 43. Rd8 {[%clk 0:33:59]} h5
{[%clk 0:29:07]} 44. Qc5 {[%clk 0:31:33]} h4 {[%clk 0:20:01]} 45. Qe7
{[%clk 0:30:36]} Bf7 {[%clk 0:20:29]} 46. Qf8 {[%clk 0:26:18]} Qb1+
{[%clk 0:20:00]} 47. Kh2 {[%clk 0:26:42]} Qg6 48. Qh8# 1-0

[Event "World Chess Olympiad 2018"]
[Site "Batumi"]
[Date "2018.09.26"]
[Round "3"]
[Board "3"]
[WhiteFideId "11701137"]
[White "Sulaiman Ahmad Ashrafi"]
[BlackFideId "13100858"]
[Black "Andriamasoandro Miora"]
[Result "1/2-1/2"]
[LiveChessVersion "1.4.8"]
[BlackElo "2126"]
[WhiteElo "1908"]

1. d4 {[%clk 1:30:58]} Nf6 {[%clk 1:30:32]} 2. Bf4 {[%clk 1:31:21]} d5
{[%clk 1:27:04]} 3. e3 {[%clk 1:31:43]} c5 {[%clk 1:27:06]} 4. c3
{[%clk 1:31:42]} Qb6 {[%clk 1:26:27]} 5. Qb3 {[%clk 1:25:32]} Nc6
{[%clk 1:25:03]} 6. Nd2 {[%clk 1:25:55]} c4 {[%clk 1:22:42]} 7. Qc2
{[%clk 1:26:18]} g6 {[%clk 1:21:45]} 8. e4 {[%clk 1:24:42]} Nxe4 {[%clk 1:02:53]}
9. Nxe4 {[%clk 1:22:21]} dxe4 {[%clk 1:01:54]} 10. Bxc4 {[%clk 1:21:49]} Bg7
{[%clk 0:59:33]} 11. a4 {[%clk 1:05:32]} O-O {[%clk 0:57:38]} 12. Ne2
{[%clk 0:56:23]} e5 {[%clk 0:54:29]} 13. dxe5 {[%clk 0:56:27]} Nxe5
{[%clk 0:54:30]} 14. Bxe5 {[%clk 0:55:30]} Bxe5 {[%clk 0:54:54]} 15. Qxe4
{[%clk 0:45:04]} Bg7 {[%clk 0:44:34]} 16. O-O {[%clk 0:44:34]} Bf5
{[%clk 0:44:01]} 17. Qf3 {[%clk 0:44:23]} Qxb2 {[%clk 0:39:36]} 18. g4
{[%clk 0:42:58]} Be6 {[%clk 0:38:29]} 19. Bxe6 {[%clk 0:42:19]} fxe6
{[%clk 0:38:45]} 20. Qe3 {[%clk 0:42:26]} Qb3 {[%clk 0:30:15]} 21. Rfb1
{[%clk 0:41:39]} Qc4 {[%clk 0:27:33]} 22. h3 {[%clk 0:39:55]} Rf7
{[%clk 0:23:53]} 23. Rb4 {[%clk 0:30:53]} Qc6 {[%clk 0:23:27]} 24. f4
{[%clk 0:24:05]} Re8 {[%clk 0:21:29]} 25. Rf1 {[%clk 0:22:22]} Bf8
{[%clk 0:19:46]} 26. Re4 {[%clk 0:21:35]} Bc5 {[%clk 0:19:37]} 27. Nd4
{[%clk 0:21:23]} Qxa4 {[%clk 0:19:48]} 28. f5 {[%clk 0:18:15]} gxf5
{[%clk 0:16:46]} 29. gxf5 {[%clk 0:18:38]} Kh8 {[%clk 0:14:05]} 30. Rxe6
{[%clk 0:13:27]} Rg8+ {[%clk 0:10:40]} 31. Kh1 {[%clk 0:11:19]} Bf8
{[%clk 0:08:55]} 32. f6 {[%clk 0:09:55]} Qa2 {[%clk 0:08:48]} 33. Qf3
{[%clk 0:09:08]} Bc5 {[%clk 0:08:21]} 34. Rfe1 {[%clk 0:05:32]} a5
{[%clk 0:06:18]} 35. Re8 {[%clk 0:04:40]} Bf8 {[%clk 0:06:34]} 36. Ne6
{[%clk 0:04:30]} a4 {[%clk 0:05:53]} 37. Nxf8 {[%clk 0:03:45]} Rfxf8
{[%clk 0:04:07]} 38. Rxf8 {[%clk 0:03:11]} Rxf8 {[%clk 0:04:32]} 39. Qxb7
{[%clk 0:03:15]} Rg8 {[%clk 0:02:43]} 40. f7 {[%clk 0:32:46]} Rf8
{[%clk 0:32:52]} 41. Rf1 {[%clk 0:17:34]} Qe6 {[%clk 0:28:44]} 42. Qf3
{[%clk 0:16:31]} Kg7 {[%clk 0:20:54]} 43. Qg3+ {[%clk 0:12:59]} Kh8
{[%clk 0:21:08]} 44. c4 {[%clk 0:07:49]} Rxf7 {[%clk 0:18:27]} 45. Rg1
{[%clk 0:04:08]} Re7 {[%clk 0:18:20]} 46. Qc3+ {[%clk 0:04:15]} Qe5
{[%clk 0:18:44]} 47. Qxe5+ {[%clk 0:04:24]} Rxe5 {[%clk 0:19:09]} 48. Ra1
{[%clk 0:04:40]} Ra5 {[%clk 0:18:20]} 49. c5 {[%clk 0:04:34]} Kg7
{[%clk 0:18:28]} 50. c6 {[%clk 0:04:57]} Ra7 {[%clk 0:18:25]} 51. c7
{[%clk 0:04:57]} Rxc7 {[%clk 0:18:45]} 52. Rxa4 {[%clk 0:05:21]} Rc2
{[%clk 0:18:57]} 53. Rg4+ {[%clk 0:05:37]} Kf6 {[%clk 0:19:15]} 54. Rg2
{[%clk 0:05:57]} Rc3 {[%clk 0:19:20]} 55. Kh2 {[%clk 0:06:20]} Kf5
{[%clk 0:19:14]} 56. Ra2 {[%clk 0:06:41]} Kf4 {[%clk 0:19:10]} 57. Rg2
{[%clk 0:07:00]} h6 {[%clk 0:19:02]} 58. Rg4+ {[%clk 0:07:19]} Kf5
{[%clk 0:19:23]} 59. Rg3 {[%clk 0:07:40]} Rc7 {[%clk 0:19:35]} 60. Rg2
{[%clk 0:07:42]} h5 {[%clk 0:19:47]} 61. Rf2+ {[%clk 0:07:54]} Kg5
{[%clk 0:20:04]} 62. Rg2+ {[%clk 0:07:49]} Kh4 {[%clk 0:20:26]} 63. Ra2
{[%clk 0:08:03]} Rc4 {[%clk 0:20:41]} 64. Rb2 {[%clk 0:08:30]} Ra4
{[%clk 0:20:41]} 65. Rc2 {[%clk 0:08:55]} Rb4 {[%clk 0:21:01]} 66. Ra2
{[%clk 0:09:18]} Rd4 {[%clk 0:21:26]} 67. Rb2 {[%clk 0:09:42]} Rd3
{[%clk 0:21:48]} 68. Rb4+ {[%clk 0:09:54]} Kg5 {[%clk 0:22:14]} 69. Rb5+
{[%clk 0:09:53]} Kh4 {[%clk 0:22:30]} 70. Rb4+ {[%clk 0:10:17]} Kg5
{[%clk 0:22:57]} 71. Rb5+ {[%clk 0:10:35]} Kg6 {[%clk 0:23:26]} 72. Ra5
{[%clk 0:10:33]} h4 {[%clk 0:23:48]} 73. Ra4 {[%clk 0:10:36]} Rd2+
{[%clk 0:24:06]} 74. Kh1 {[%clk 0:10:50]} Kg5 {[%clk 0:24:34]} 75. Rg4+
{[%clk 0:11:09]} Kh5 {[%clk 0:24:55]} 76. Rg8 {[%clk 0:11:26]} Ra2
{[%clk 0:25:12]} 77. Rg7 {[%clk 0:11:42]} Rb2 {[%clk 0:25:39]} 78. Rg8
{[%clk 0:12:01]} Kh6 {[%clk 0:26:04]} 79. Rg4 {[%clk 0:12:24]} Kh5
{[%clk 0:26:27]} 80. Rg8 {[%clk 0:12:48]} Rc2 {[%clk 0:26:48]} 81. Rg7
{[%clk 0:13:09]} Rc3 {[%clk 0:27:11]} 82. Kh2 {[%clk 0:13:34]} Kh6
{[%clk 0:27:32]} 83. Rg4 {[%clk 0:14:02]} Rc2+ {[%clk 0:27:50]} 84. Kh1
{[%clk 0:14:20]} Kh5 {[%clk 0:28:16]} 85. Rg8 {[%clk 0:14:29]} Rd2
{[%clk 0:28:41]} 86. Rg7 {[%clk 0:14:53]} Rd6 {[%clk 0:28:59]} 87. Rg4
{[%clk 0:14:52]} Re6 {[%clk 0:29:22]} 88. Kh2 {[%clk 0:15:09]} Re3
{[%clk 0:29:38]} 89. Rg8 {[%clk 0:15:28]} Re2+ {[%clk 0:30:00]} 90. Kh1
{[%clk 0:15:57]} Re7 {[%clk 0:30:24]} 91. Rg4 {[%clk 0:16:15]} Re2
{[%clk 0:30:41]} 1/2-1/2

[Event "World Chess Olympiad 2018"]
[Site "Batumi"]
[Date "2018.09.26"]
[Round "3"]
[Board "4"]
[WhiteFideId "13100424"]
[White "Rajaonarison Faniry"]
[BlackFideId "11700947"]
[Black "Kanz Ahmad Safy"]
[Result "1-0"]
[LiveChessVersion "1.4.8"]
[BlackElo "1826"]
[WhiteElo "2126"]

1. e4 {[%clk 1:30:55]} c5 {[%clk 1:30:23]} 2. Nf3 {[%clk 1:31:11]} d6
{[%clk 1:30:10]} 3. d4 {[%clk 1:30:16]} cxd4 {[%clk 1:29:39]} 4. Nxd4
{[%clk 1:30:40]} Nf6 {[%clk 1:29:44]} 5. Nc3 {[%clk 1:31:02]} a6 {[%clk 1:29:29]}
6. Bg5 {[%clk 1:30:21]} e5 {[%clk 1:26:11]} 7. Nf3 {[%clk 1:26:02]} Be6
{[%clk 1:24:38]} 8. Qd2 {[%clk 1:24:31]} Nbd7 {[%clk 1:21:33]} 9. Bd3
{[%clk 1:19:56]} Be7 {[%clk 1:18:22]} 10. O-O {[%clk 1:19:40]} h6
{[%clk 1:11:59]} 11. Bh4 {[%clk 1:19:15]} g5 {[%clk 1:08:14]} 12. Bg3
{[%clk 1:19:43]} Nf8 {[%clk 1:08:28]} 13. Qe2 {[%clk 1:16:49]} Ng6
{[%clk 1:04:24]} 14. Bc4 {[%clk 1:16:41]} Bg4 {[%clk 1:02:19]} 15. Rfd1
{[%clk 1:14:18]} Nf4 {[%clk 0:57:37]} 16. Bxf4 {[%clk 1:14:23]} gxf4
{[%clk 0:57:49]} 17. Nd5 {[%clk 1:08:33]} Nh7 {[%clk 0:53:58]} 18. Qd3
{[%clk 1:04:34]} Rc8 {[%clk 0:48:06]} 19. Bb3 {[%clk 1:03:18]} Rg8
{[%clk 0:43:01]} 20. Kh1 {[%clk 1:01:25]} Bxf3 {[%clk 0:31:06]} 21. Qxf3
{[%clk 1:00:16]} Ng5 {[%clk 0:30:21]} 22. Qh5 {[%clk 1:00:19]} Nxe4
{[%clk 0:26:30]} 23. Rf1 {[%clk 0:55:56]} Rg6 {[%clk 0:24:39]} 24. Qf5
{[%clk 0:52:22]} Ng5 {[%clk 0:22:00]} 25. Rad1 {[%clk 0:50:25]} Ne6
{[%clk 0:18:45]} 26. Rfe1 {[%clk 0:49:55]} Bf8 {[%clk 0:16:23]} 27. c3
{[%clk 0:39:50]} Qg5 {[%clk 0:13:53]} 28. Qh3 {[%clk 0:40:14]} f5
{[%clk 0:06:48]} 29. Bc2 {[%clk 0:39:38]} Ng7 {[%clk 0:06:45]} 30. g3
{[%clk 0:35:19]} fxg3 {[%clk 0:06:12]} 31. hxg3 {[%clk 0:34:51]} Kd8
{[%clk 0:05:55]} 32. Kg2 {[%clk 0:32:54]} h5 {[%clk 0:04:39]} 33. f4
{[%clk 0:30:38]} exf4 {[%clk 0:04:17]} 34. Rf1 {[%clk 0:25:33]} Qxg3+
{[%clk 0:03:04]} 35. Qxg3 {[%clk 0:25:56]} fxg3 {[%clk 0:02:58]} 36. Bxf5
{[%clk 0:26:10]} Nxf5 {[%clk 0:02:46]} 37. Rxf5 {[%clk 0:26:30]} Bg7
{[%clk 0:01:57]} 38. Rf7 {[%clk 0:24:37]} Rc5 {[%clk 0:01:04]} 39. Nf4
{[%clk 0:22:34]} Ke8 {[%clk 0:01:20]} 40. Rxb7 {[%clk 0:52:15]} Rg4
{[%clk 0:30:48]} 41. Ne6 {[%clk 0:51:47]} Re5 {[%clk 0:25:51]} 42. Nxg7+
{[%clk 0:48:34]} Kf8 {[%clk 0:25:40]} 43. Rf1+ {[%clk 0:48:55]} Kg8
{[%clk 0:25:56]} 44. Nf5 {[%clk 0:48:54]} Re2+ {[%clk 0:22:38]} 45. Kg1
{[%clk 0:49:01]} Re6 {[%clk 0:21:59]} 46. Nd4 {[%clk 0:49:06]} Re8
{[%clk 0:18:21]} 47. Kg2 {[%clk 0:49:01]} h4 {[%clk 0:16:28]} 48. Kh3
{[%clk 0:45:03]} Rg5 {[%clk 0:09:34]} 49. Rg1 {[%clk 0:43:32]} Re4
{[%clk 0:06:31]} 50. Nf3 {[%clk 0:42:46]} Rh5 {[%clk 0:05:39]} 51. Rb4
{[%clk 0:43:07]} Rxb4 {[%clk 0:02:41]} 52. cxb4 {[%clk 0:43:30]} Rb5
{[%clk 0:02:41]} 53. Nxh4 {[%clk 0:43:25]} Rxb4 {[%clk 0:02:56]} 54. Rg2
{[%clk 0:43:48]} Ra4 {[%clk 0:02:26]} 55. a3 {[%clk 0:44:05]} Ra5
{[%clk 0:02:42]} 56. Kxg3 {[%clk 0:43:48]} Rg5+ {[%clk 0:02:28]} 57. Kf4
{[%clk 0:44:02]} Rxg2 {[%clk 0:02:48]} 58. Nxg2 {[%clk 0:44:27]} Kf7
{[%clk 0:03:08]} 59. Ke4 {[%clk 0:44:54]} Ke6 {[%clk 0:03:13]} 60. Nf4+
{[%clk 0:45:21]} Kd7 {[%clk 0:03:37]} 61. Kd5 {[%clk 0:45:35]} Kc7
{[%clk 0:03:34]} 62. Ne6+ {[%clk 0:44:29]} 1-0

[Event "World Chess Olympiad 2018"]
[Site "Batumi"]
[Date "2018.09.26"]
[Round "3"]
[Board "1"]
[WhiteFideId "5702488"]
[White "Lim Zhuo Ren"]
[BlackFideId "10300163"]
[Black "Al-Hajiri Bader"]
[Result "1/2-1/2"]
[LiveChessVersion "1.4.8"]
[BlackElo "2112"]
[WhiteElo "2182"]

1. d4 {[%clk 1:30:48]} d5 {[%clk 1:30:47]} 2. c4 {[%clk 1:30:53]} c6
{[%clk 1:30:57]} 3. Nf3 {[%clk 1:31:00]} Nf6 {[%clk 1:31:12]} 4. g3
{[%clk 1:31:11]} dxc4 {[%clk 1:31:02]} 5. Bg2 {[%clk 1:31:12]} b5
{[%clk 1:31:01]} 6. Ne5 {[%clk 1:30:11]} Bb7 {[%clk 1:31:14]} 7. O-O
{[%clk 1:28:37]} a6 {[%clk 1:31:00]} 8. b3 {[%clk 1:28:00]} cxb3 {[%clk 1:31:19]}
9. axb3 {[%clk 1:28:24]} e6 {[%clk 1:31:38]} 10. Bb2 {[%clk 1:27:57]} Be7
{[%clk 1:23:54]} 11. Qc2 {[%clk 1:25:19]} Qb6 {[%clk 1:23:35]} 12. Nd2
{[%clk 1:24:42]} O-O {[%clk 1:23:08]} 13. Ne4 {[%clk 1:23:44]} Nbd7
{[%clk 1:16:57]} 14. Ng5 {[%clk 0:55:09]} g6 {[%clk 1:13:07]} 15. Nxc6
{[%clk 0:54:40]} Bd6 {[%clk 1:09:49]} 16. Ne5 {[%clk 0:50:40]} Bxg2
{[%clk 1:04:10]} 17. Nxd7 {[%clk 0:46:40]} Nxd7 {[%clk 1:03:58]} 18. Kxg2
{[%clk 0:47:06]} Rac8 {[%clk 1:02:27]} 19. Qe4 {[%clk 0:43:44]} Nf6
{[%clk 0:46:55]} 20. Qf3 {[%clk 0:43:49]} Rc2 {[%clk 0:43:34]} 21. Ra2
{[%clk 0:27:46]} Nd5 {[%clk 0:37:18]} 22. Rc1 {[%clk 0:23:03]} Rxb2
{[%clk 0:32:32]} 23. Rxb2 {[%clk 0:23:26]} h6 {[%clk 0:32:57]} 24. Nxe6
{[%clk 0:18:27]} fxe6 {[%clk 0:32:34]} 25. Qe4 {[%clk 0:18:46]} Kg7
{[%clk 0:31:59]} 26. Rbc2 {[%clk 0:18:38]} Nf6 {[%clk 0:26:23]} 27. Qd3
{[%clk 0:16:46]} Ba3 {[%clk 0:24:30]} 28. Ra1 {[%clk 0:16:44]} Be7
{[%clk 0:24:01]} 29. e4 {[%clk 0:13:45]} Rd8 {[%clk 0:23:31]} 30. Rd1
{[%clk 0:13:58]} Ng4 {[%clk 0:20:57]} 31. Qe2 {[%clk 0:12:18]} h5
{[%clk 0:20:59]} 32. f3 {[%clk 0:11:22]} Nh6 {[%clk 0:19:17]} 33. Rcd2
{[%clk 0:10:42]} a5 {[%clk 0:18:28]} 34. d5 {[%clk 0:10:13]} e5 {[%clk 0:15:12]}
35. Rc2 {[%clk 0:10:21]} Nf7 {[%clk 0:15:13]} 36. Rc6 {[%clk 0:10:47]} Qb7
{[%clk 0:15:20]} 37. Rdc1 {[%clk 0:10:28]} Rd7 {[%clk 0:15:29]} 38. f4 exf4
{[%clk 0:10:05]} 39. gxf4 {[%clk 0:08:42]} Nd8 {[%clk 0:10:23]} 40. f5
{[%clk 0:37:46]} Nxc6 {[%clk 0:39:51]} 41. dxc6 {[%clk 0:37:50]} Qc7
{[%clk 0:37:59]} 42. Qb2+ {[%clk 0:37:35]} Bf6 {[%clk 0:37:03]} 43. cxd7
{[%clk 0:37:43]} Qxd7 {[%clk 0:37:24]} 44. Qf2 {[%clk 0:33:01]} Qd3
{[%clk 0:36:57]} 45. Rc7+ {[%clk 0:28:59]} Kh6 {[%clk 0:37:13]} 46. Qf3
{[%clk 0:28:53]} Qd2+ {[%clk 0:37:22]} 47. Kf1 {[%clk 0:27:28]} Qd6
{[%clk 0:34:02]} 48. Rc2 {[%clk 0:26:49]} g5 {[%clk 0:34:17]} 49. h3
{[%clk 0:26:15]} b4 {[%clk 0:33:33]} 50. Ra2 {[%clk 0:24:57]} Qc5
{[%clk 0:32:41]} 51. Qd3 {[%clk 0:24:05]} Qe5 {[%clk 0:30:00]} 52. Kg2
{[%clk 0:23:46]} h4 {[%clk 0:29:06]} 53. Kf1 {[%clk 0:22:23]} Qf4+
{[%clk 0:28:57]} 54. Rf2 {[%clk 0:22:46]} Qe5 {[%clk 0:28:14]} 55. Rc2
{[%clk 0:13:17]} Qf4+ {[%clk 0:28:25]} 56. Kg2 {[%clk 0:13:34]} Qe5
{[%clk 0:23:17]} 57. Rf2 {[%clk 0:12:58]} a4 {[%clk 0:22:40]} 58. bxa4
{[%clk 0:13:11]} b3 {[%clk 0:23:09]} 59. Qxb3 {[%clk 0:12:24]} Qxe4+
{[%clk 0:23:38]} 60. Kf1 {[%clk 0:12:09]} Qh1+ {[%clk 0:23:50]} 61. Ke2
{[%clk 0:12:37]} Qe4+ {[%clk 0:23:53]} 62. Kd1 {[%clk 0:12:50]} g4
{[%clk 0:22:34]} 63. hxg4 {[%clk 0:10:36]} Qxg4+ {[%clk 0:22:09]} 64. Rf3
{[%clk 0:11:05]} h3 {[%clk 0:17:14]} 65. Kc2 {[%clk 0:07:27]} Qg2+
{[%clk 0:17:37]} 66. Kb1 {[%clk 0:06:19]} Qg1+ {[%clk 0:11:52]} 67. Kc2
{[%clk 0:06:47]} Qg2+ {[%clk 0:12:14]} 68. Kb1 {[%clk 0:07:14]} Qg1+
{[%clk 0:12:40]} 69. Kc2 {[%clk 0:07:34]} Qg2+ {[%clk 0:13:08]} 1/2-1/2

[Event "World Chess Olympiad 2018"]
[Site "Batumi"]
[Date "2018.09.26"]
[Round "3"]
[Board "2"]
[WhiteFideId "10300040"]
[White "Al Azmi Khalaf"]
[BlackFideId "5712181"]
[Black "Lye Lik Zang"]
[Result "0-1"]
[LiveChessVersion "1.4.8"]
[BlackElo "2351"]
[WhiteElo "1785"]

1. e4 {[%clk 1:30:48]} c5 {[%clk 1:30:50]} 2. Nf3 {[%clk 1:30:56]} d6
{[%clk 1:31:06]} 3. c3 {[%clk 1:31:05]} Nf6 {[%clk 1:30:01]} 4. Bd3
{[%clk 1:31:21]} Bg4 {[%clk 1:26:13]} 5. h3 {[%clk 1:30:39]} Bh5 {[%clk 1:21:33]}
6. O-O {[%clk 1:27:32]} Nc6 {[%clk 1:20:03]} 7. Re1 {[%clk 1:27:09]} e6
{[%clk 1:11:38]} 8. Bc2 {[%clk 1:25:39]} Be7 {[%clk 1:10:35]} 9. d4
{[%clk 1:21:59]} Bxf3 {[%clk 1:04:50]} 10. gxf3 {[%clk 1:19:19]} d5
{[%clk 0:58:51]} 11. e5 {[%clk 1:18:00]} Nd7 {[%clk 0:55:42]} 12. Be3
{[%clk 1:16:32]} Qb6 {[%clk 0:54:33]} 13. b3 {[%clk 1:13:33]} Rc8
{[%clk 0:43:48]} 14. Qd3 {[%clk 1:11:36]} cxd4 {[%clk 0:39:57]} 15. Bxd4
{[%clk 1:11:49]} Nxd4 {[%clk 0:37:27]} 16. cxd4 {[%clk 1:11:32]} Nb8
{[%clk 0:37:37]} 17. a3 {[%clk 1:03:57]} Nc6 {[%clk 0:37:46]} 18. Rd1
{[%clk 1:03:58]} Qxd4 {[%clk 0:35:56]} 19. Qxd4 {[%clk 1:00:09]} Nxd4
{[%clk 0:36:22]} 20. Rxd4 {[%clk 1:00:26]} Rxc2 {[%clk 0:36:48]} 21. Nd2
{[%clk 0:59:58]} Bc5 {[%clk 0:35:06]} 22. Rd3 {[%clk 1:00:05]} Ke7
{[%clk 0:31:36]} 23. b4 {[%clk 0:57:57]} Bb6 {[%clk 0:31:59]} 24. a4
{[%clk 0:57:25]} Rb2 {[%clk 0:28:23]} 25. Rb1 {[%clk 0:56:46]} Rxb1+
{[%clk 0:27:09]} 26. Nxb1 {[%clk 0:57:14]} Rc8 {[%clk 0:26:59]} 27. Na3
{[%clk 0:53:38]} Rc1+ {[%clk 0:20:25]} 28. Kg2 {[%clk 0:53:48]} a6
{[%clk 0:19:58]} 29. a5 {[%clk 0:53:57]} Bc7 {[%clk 0:19:41]} 30. f4
{[%clk 0:53:05]} f6 {[%clk 0:18:27]} 31. exf6+ {[%clk 0:50:49]} Kxf6
{[%clk 0:18:09]} 32. Rf3 {[%clk 0:49:56]} Kf5 {[%clk 0:17:52]} 33. b5
{[%clk 0:48:10]} Bxa5 {[%clk 0:18:05]} 34. bxa6 {[%clk 0:48:09]} bxa6
{[%clk 0:18:29]} 35. Rg3 {[%clk 0:48:09]} g6 {[%clk 0:18:22]} 36. Rg5+
{[%clk 0:47:10]} Kxf4 {[%clk 0:18:26]} 37. Rg4+ {[%clk 0:47:25]} Kf5
{[%clk 0:18:48]} 38. Ra4 {[%clk 0:47:38]} Rc5 {[%clk 0:19:07]} 39. Nc2
{[%clk 0:43:02]} Rxc2 {[%clk 0:19:28]} 40. Rxa5 {[%clk 1:12:59]} Rc6
{[%clk 0:49:56]} 41. Kf3 {[%clk 1:12:55]} Rd6 {[%clk 0:50:11]} 42. Ke3
{[%clk 1:11:47]} e5 {[%clk 0:50:34]} 0-1